01179nam a2200241 a 450000100100000000500170001000800410002702000180006804000250008608200150011110000400012624501460016626000360031230000360034850000630038450400310044770000400047870000420051895201280056095201130068895201190080199900170092000004487720201002045711.0150115s2014 dr ac 000 0 spa d a9789945166385 aDO-SdBNPbspacBNPHU axxxxbxxxx1 aFernández García, Holvin97288310a¡Busquemos todos ahora nuestro peso ideal! :b"wo" /cHolvin Fernández García ; editores Lida Marta Cotto Luna, Lida Marta Luna Colón. aSanto Domingo :bBúho,c2014. a205 p. :bil., retrs. ;c22 cm. aIncluye datos biográficos del autor en la contracubierta aBibliografía: p. 197-2051 aCotto Luna, Lida Marta,eed.9728841 aLuna Colón, Lida Marta,eed.972885 001054708DSaGRbGRcCTd2015-01-15iLF1l0oxxxx xxxxp44877-30r2020-06-25te. 3w2020-06-25yLFDSZPréstamo en sala 0010718PDaPDbPDcCTd2015-01-15iLF1l0oxxxx xxxxp44877-10r2020-06-25w2020-06-25yLFPDZNo se presta 0010718PDaPDbPDcCTd2015-01-15iLF1l0oxxxx xxxxp44877-20r2020-06-25te. 2w2020-06-25yLFPDZNo se presta c44366d44366